| 000 | 00620nam a2200241 a 4500 | ||
|---|---|---|---|
| 001 | 0001-1089 | ||
| 003 | ELIB.Books | ||
| 008 | 150115 2010 eng | ||
| 020 | _aKBTS | ||
| 035 | _a(ELIB.Books)0001-1244 | ||
| 092 |
_aB _bDix |
||
| 100 | _aDix, Earl. | ||
| 245 |
_aAdventure for God _bMissionary to Zaire |
||
| 260 |
_aBuena Books _bA Division of Horizon House Pubishers _c1977 |
||
| 300 |
_a191 _c20.3 Cm |
||
| 500 | _aC/o Moe Lwai | ||
| 650 | _aBiography | ||
| 856 |
_nKBTS; Library _uKBTS; Elib. |
||
| 942 |
_2ddc _cBK |
||
| 990 | _a1 | ||
| 998 |
_cbat _e2015-01-15 |
||
| 999 |
_c11089 _d11089 |
||